000 01004nam1a22002531 4500
001 rc\524171
005 20030616165258.1
035 _a(NLR Aleph) 005811678
090 _a5392417
_c5392417
100 _a20030616d1988 u |0rusy50 ca
101 0 _arus
102 _aRU
105 _ay |||||||||
200 1 _aВведение в информатику и вычислительную технику
_eУчеб. пособие (для аспирантов)
_fГос. ком. СССР по нар. образованию, Моск. гос. ин-т иностр. яз. им. Мориса Тореза
210 _aМ.
_cБ. и.
_d1988
215 _d20
300 _aНа обороте тит. л. авт.: проф. Р.К. Потапова, А.Н. Собакин
700 1 _aПотапова
_bР. К.
_gРодмонга Кондратьевна
701 1 _aСобакин
_bА. Н.
801 0 _aRU
_bNLR
_gpsbo
801 1 _aRU
_bELAR
_2rusmarc
852 _aNLR
_j89-3/9057
942 _cBOOK
980 _aNB